[Event "ARG-ch U18"]
[Site "Ibague"]
[Date "2024.03.16"]
[Round "5"]
[White "Manrique Hernandez, Matias"]
[Black "Duran Cardoso, Nicolas"]
[Result "0-1"]
[WhiteElo "1535"]
[BlackElo "1738"]
[PlyCount "46"]
[EventDate "2024.03.14"]
[EventType "swiss"]
[EventRounds "7"]
[EventCountry "COL"]
[SourceTitle "CB12_2024"]
[SourceDate "2023.10.01"]
[SourceVersion "1"]
[SourceVersionDate "2023.10.01"]
[SourceQuality "1"]

1. e4 c5 2. Nf3 d6 3. d4 cxd4 4. Nxd4 Nf6 5. Nc3 g6 6. f3 Bg7 7. Be3 Nc6 8. Qd2 0-0 9. 0-0-0 d5 10. exd5 Nxd5 11. Nxc6 bxc6 12. Nxd5 cxd5 13. Qxd5 Qc7 14. Qc5 Qb7 15. Bd4 Bf5 16. Qb5 Qc7 17. Qc5 Qf4+ 18. Rd2 Rfc8 19. g3 Rxc5 20. gxf4 Bxd4 21. Rxd4 Rxc2+ 22. Kd1 Rxb2 23. Rd2 Rab8 0-1

[Event "Rivera Huila Hernandez Memorial-B"]
[Site "Rivera Huila"]
[Date "2023.07.23"]
[Round "6"]
[White "Duran Cardoso, Nicolas"]
[Black "Velez Alvarez, Laura Camila"]
[Result "0-1"]
[WhiteElo "1450"]
[BlackElo "1796"]
[PlyCount "122"]
[EventDate "2023.07.20"]
[EventType "swiss"]
[EventRounds "7"]
[EventCountry "COL"]
[SourceTitle "CBM 215 Extra"]
[Source "ChessBase"]
[SourceDate "2023.09.30"]
[SourceVersion "1"]
[SourceVersionDate "2023.09.30"]
[SourceQuality "1"]

1. e4 c5 2. Nf3 d6 3. d4 cxd4 4. Nxd4 Nf6 5. Nc3 g6 6. Bd3 Bg7 7. 0-0 0-0 8. h3 Nc6 9. Nxc6 bxc6 10. f4 Qb6+ 11. Kh1 a5 12. Qf3 Ba6 13. Rb1 Nd7 14. Bd2 Bb7 15. Ne2 e6 16. a3 d5 17. b4 a4 18. Be3 Qc7 19. Qf2 Kh8 20. Ng3 Ba6 21. Rfc1 Rfc8 22. c4 Qd6 23. c5 Qe7 24. Bxa6 Rxa6 25. exd5 exd5 26. Re1 Qf6 27. Ne2 Qf5 28. Nd4 Qd3 29. Qe2 Qxe2 30. Nxe2 Re8 31. Bd4 Re4 32. Bxg7+ Kxg7 33. Nc3 Rxf4 34. Nxd5 cxd5 35. Re7 Nxc5 36. bxc5 Rc4 37. Rc7 d4 38. Rd7 Rc6 39. Rd1 Rc3 40. R1xd4 Rxa3 41. Ra7 Rxc5 42. Raxa4 Rxa4 43. Rxa4 Kh6 44. Kh2 Rc3 45. h4 f5 46. g3 Kh5 47. Kg2 h6 48. Rf4 Rc2+ 49. Kg1 Re2 50. Kf1 Re4 51. Rf3 Kg4 52. Ra3 f4 53. Kf2 Rb4 54. gxf4 Rxf4+ 55. Kg2 Kxh4 56. Rh3+ Kg5 57. Ra3 h5 58. Kh3 Rb4 59. Kg3 h4+ 60. Kh3 Kh5 61. Rc3 g5 0-1

[Event "Rivera Huila Hernandez Memorial-B"]
[Site "Rivera Huila"]
[Date "2023.07.20"]
[Round "1"]
[White "Duran Cardoso, Nicolas"]
[Black "Lopez Ramirez, David Santiago"]
[Result "0-1"]
[WhiteElo "1450"]
[BlackElo "2125"]
[PlyCount "100"]
[EventDate "2023.07.20"]
[EventType "swiss"]
[EventRounds "7"]
[EventCountry "COL"]
[SourceTitle "CBM 215 Extra"]
[Source "ChessBase"]
[SourceDate "2023.09.30"]
[SourceVersion "1"]
[SourceVersionDate "2023.09.30"]
[SourceQuality "1"]

1. e4 c5 2. Nf3 Nc6 3. d4 cxd4 4. Nxd4 e6 5. Nc3 d6 6. Nxc6 bxc6 7. Bd3 e5 8. 0-0 Nf6 9. f4 exf4 10. Bxf4 Be7 11. Kh1 0-0 12. h3 Be6 13. Qe2 Rb8 14. Rad1 Rxb2 15. e5 Nd5 16. Qe4 g6 17. Nxd5 cxd5 18. Qd4 Qb6 19. Qxb6 Rxb6 20. exd6 Bxd6 21. Bxd6 Rxd6 22. Rb1 Rb6 23. Rxb6 axb6 24. Rb1 Ra8 25. Rxb6 Rxa2 26. Kh2 Kg7 27. Kg3 Kf6 28. Kf3 Ke5 29. Rb4 Ra3 30. g4 Rc3 31. Ra4 Rc8 32. Ra7 g5 33. Ra4 Rh8 34. Ra5 h5 35. Kg3 hxg4 36. hxg4 Rh1 37. Ra4 Rg1+ 38. Kf3 Rh1 39. Kg3 Rh4 40. Rb4 f5 41. Be2 fxg4 42. Bd3 Rh3+ 43. Kg2 d4 44. Bc4 Bxc4 45. Rxc4 Rc3 46. Ra4 Rxc2+ 47. Kg3 d3 48. Ra8 d2 49. Rd8 Ke4 50. Kxg4 Rc4 0-1